| 000 | 00616nam a22002177a 4500 | ||
|---|---|---|---|
| 003 | AUA.1 | ||
| 005 | 20250212093412.0 | ||
| 007 | vd cvaizk | ||
| 008 | 250212b ||| || |||| 00| vneng d | ||
| 020 | _a9780310097884 | ||
| 040 | _cJTL | ||
| 100 | _aMounce, William D. | ||
| 245 |
_aBasics of Biblical Greek : _bvideo lectures / _cWilliam D. Mounce. |
||
| 260 |
_bZondervan, _cc2019. |
||
| 300 | _a4 DVDs | ||
| 306 | _a9.5 hours | ||
| 500 | _a36 lessons on 4 DVDs | ||
| 501 | _aFor use with Basics of Biblical Greek Grammar, fourth edition | ||
| 650 |
_aGreek language, Biblical _vGrammar |
||
| 942 |
_2aua _cAV |
||
| 999 |
_c24998 _d24998 |
||